Gender sieve : (Record no. 168253)

MARC details
000 -LEADER
fixed length control field 00672nam a22001937a 4500
005 - DATE AND TIME OF LATEST TRANSACTION
control field 20191001120656.0
010 ## - LCCN (DPL NO)
LC control number ENG-126583
020 ## - INTERNATIONAL STANDARD BOOK NUMBER
International Standard Book Number 9788178443102
Terms of availability 895.00
035 ## - SYSTEM CONTROL NUMBER
System control number EN-110115
037 ## - SOURCE OF ACQUISITION
Source of stock number/acquisition DBAD/PUB
082 ## - DEWEY DECIMAL CLASSIFICATION NUMBER
Classification number 305.4095
100 ## - MAIN ENTRY--PERSONAL NAME
Personal name Pal, Chaitali
245 ## - TITLE STATEMENT
Title Gender sieve :
Remainder of title women work, culture and urban spaces in contemporary India /
Statement of responsibility, etc by Chaitali Pal
260 ## - PUBLICATION, DISTRIBUTION, ETC. (IMPRINT)
Place of publication, distribution, etc New Delhi
Name of publisher, distributor, etc K.K. Pubications
Date of publication, distribution, etc 2018
270 ## - ADDRESS
Address 4806/24, Bharat Ram Road
City Darya Ganj, New Delhi
Postal code 110002
Telephone number 011-23285167, 65185557
Electronic mail address info@kkpublications.com
300 ## - PHYSICAL DESCRIPTION
Extent xviii;270p.
Dimensions 22cm(Hb)
500 ## - GENERAL NOTE
General note Includes references
942 ## - ADDED ENTRY ELEMENTS (KOHA)
Source of classification or shelving scheme Dewey Decimal Classification
Item type English Books
Classification part 305.409
Call number suffix PAl
Holdings
Withdrawn status Lost status Not for loan Collection code Home library Current library Date acquired Source of acquisition Cost, normal purchase price Full call number Barcode Copy number Cost, replacement price Koha item type
      Non-fiction Sarojini Nagar Sarojini Nagar 01/10/2019 DBAD/PUB 895.00 305.409 PAl EN-110115 1 895.00 English Books

© Delhi Public Library
Hit Counter
free hit counter